| 000 | 00874nam a22002177a 4500 | ||
|---|---|---|---|
| 999 |
_c5598 _d5598 |
||
| 003 | AR-CdUCM | ||
| 008 | 190312b ||||| |||| 00| 0 spa d | ||
| 040 |
_aMUNICIPALIDAD PROVINCIAL DEL CUSCO _cBIBLIOTECA MUNICIPAL DEL CUSCO |
||
| 082 |
_a985.093 / _bF63 |
||
| 100 |
_aFlores Caballero, Luis _916743 |
||
| 245 | _aSentido histórico de la revolución peruana / | ||
| 260 |
_aLima : _bEdit. Ausonia, _c1970. |
||
| 300 |
_a88 paginas ; _c17 cm. |
||
| 500 | _aDonación familia Nieto | ||
| 505 | _aContenido :Capitulo I: Los movimientos sociales en el Perú --El caudillismo como negación del desarrollo --Evolución y revolución-teoría y Praxis --Capitulo II: Sentido y significado Histórico de la revolución ... | ||
| 650 |
_aGobierno Revolucionario, 1968-1980 _96831 |
||
| 650 |
_aPerú _935 |
||
| 650 |
_aHistoria _9136 |
||
| 942 |
_2ddc _cLIBROS |
||
| 945 | _arjall | ||